=LDR 00000nam 2200000 4500 =001 INLIS000000000008776 =005 20130612100614 =008 ***********************************Ind** =035 ##$$0010-061300000008776 =041 ##$$a Ind =082 ##$$a 375.07 =090 ##$$a 375.07, Haw b =100 ##$$a Hawadi,Rem akbar =245 ##$$a Buku Ketiga dari Tiga-Kurkulum berdipensi, PanduanPenyelenggaraanProgram percepatan belajar, Oleh Reni Akbar -Hawadi,R.Suhadi Darma =260 ##$$a 2001 $b Jakarta =300 ##$$a xii,45 hlm, 21 cm =650 ##$$a Percepatan BelajarxKurikulum =700 ##$$a Wiharjo,suhadi darmo